[Event "4NCL 2011-12"]
[Site "Staverton Park ENG"]
[Date "2011.11.13"]
[Round "2.16.4"]
[White "Eggleston, David J"]
[Black "Cox, John J"]
[Result "1-0"]
[WhiteTitle "FM"]
[BlackTitle "IM"]
[WhiteElo "2367"]
[BlackElo "2423"]
[WhiteTeam "Cheddleton"]
[BlackTeam "Barbican 4NCL 1"]
[WhiteFideId "412120"]
[BlackFideId "401064"]
[EventDate "2011.11.12"]

1. e4 e5 2. Nf3 Nf6 3. Nxe5 d6 4. Nf3 Nxe4 5. d4 d5 6. Bd3 Nc6 7. O-O Be7 8. c4
Nb4 9. Be2 O-O 10. Nc3 Bf5 11. a3 Nxc3 12. bxc3 Nc6 13. cxd5 Qxd5 14. Bf4 Rac8
15. Re1 Rfe8 16. c4 Qe4 17. Bg3 Qc2 18. Qxc2 Bxc2 19. d5 Na5 20. Nd4 Bf6 21.
Nxc2 Bxa1 22. Nxa1 Nxc4 23. Nc2 b5 24. Ne3 Nxa3 25. Ra1 Nc2 26. Rxa7 Nxe3 27.
fxe3 b4 28. Bxc7 b3 29. d6 Rxe3 30. Kf2 Rc3 31. d7 R3xc7 32. Rxc7 1-0

[Event "4NCL 2011-12"]
[Site "Staverton Park ENG"]
[Date "2011.11.13"]
[Round "2.16.5"]
[White "Ferguson, Mark"]
[Black "Arkell, Keith C"]
[Result "1/2-1/2"]
[WhiteTitle "IM"]
[BlackTitle "GM"]
[WhiteElo "2374"]
[BlackElo "2418"]
[WhiteTeam "Barbican 4NCL 1"]
[BlackTeam "Cheddleton"]
[WhiteFideId "403547"]
[BlackFideId "400270"]
[EventDate "2011.11.12"]

1. e4 c6 2. d4 d5 3. e5 c5 4. dxc5 e6 5. Nf3 Bxc5 6. Bd3 Nc6 7. O-O Nge7 8. Bf4
Ng6 9. Bg3 O-O 10. Nbd2 f5 11. exf6 Qxf6 12. c4 Bb6 13. Qb3 Nce5 14. Nxe5 Nxe5
15. cxd5 Nxd3 16. Qxd3 exd5 17. Qxd5+ Be6 18. Qe4 Rae8 19. Nc4 Bf5 20. Qd5+ Be6
21. Qe4 Bf5 22. Qd5+ Be6 1/2-1/2

[Event "4NCL 2011-12"]
[Site "Staverton Park ENG"]
[Date "2011.11.13"]
[Round "2.16.6"]
[White "Bellin, Robert"]
[Black "Rogers, Jonathan W"]
[Result "1-0"]
[WhiteTitle "IM"]
[BlackTitle "FM"]
[WhiteElo "2355"]
[BlackElo "2349"]
[WhiteTeam "Cheddleton"]
[BlackTeam "Barbican 4NCL 2"]
[WhiteFideId "400343"]
[BlackFideId "402052"]
[EventDate "2011.11.12"]

1. Nf3 Nf6 2. e3 g6 3. b3 Bg7 4. Bb2 O-O 5. Be2 c5 6. c4 d6 7. d4 Ne4 8. O-O Nc6
9. Qc1 cxd4 10. Nxd4 Nxd4 11. exd4 e5 12. Qe3 Ng5 13. dxe5 Bxe5 14. Bxe5 dxe5
15. Rd1 Qf6 16. Nc3 Ne6 17. Rd5 b6 18. Qxe5 Qxe5 19. Rxe5 Bb7 20. Bg4 Nf4 21.
Ne2 Nd3 22. Re7 f5 23. Bxf5 Rxf5 24. Rxb7 Rxf2 25. Nc1 Nc5 26. Kxf2 Nxb7 27. Nd3
Kf7 28. Re1 Rd8 29. Re3 Rd4 30. Ne5+ Kf6 31. Nc6 Rh4 32. Nxa7 Rxh2 33. Nc8 Rh1
34. Nxb6 Ra1 35. Nd7+ Kf7 36. Re2 h5 37. c5 Rc1 38. b4 g5 39. c6 Nd6 40. Nc5 1-0

[Event "4NCL 2011-12"]
[Site "Staverton Park ENG"]
[Date "2011.11.13"]
[Round "2.16.7"]
[White "D'Costa, Lorin A R"]
[Black "Van Weersel, Arlette"]
[Result "1-0"]
[WhiteTitle "IM"]
[BlackTitle "WIM"]
[WhiteElo "2409"]
[BlackElo "2194"]
[WhiteTeam "Barbican 4NCL 1"]
[BlackTeam "Cheddleton"]
[WhiteFideId "409219"]
[BlackFideId "1009877"]
[EventDate "2011.11.12"]

1. Nf3 Nf6 2. c4 c6 3. d4 d5 4. Nc3 g6 5. Bf4 Bg7 6. e3 O-O 7. h3 b6 8. cxd5
Nxd5 9. Bg3 Nxc3 10. bxc3 Nd7 11. Bc4 Bb7 12. O-O c5 13. Qe2 Qe8 14. e4 a6 15.
a4 e5 16. d5 Qe7 17. Rfd1 Qd6 18. Ba2 Rfc8 19. Nd2 Rab8 20. Rab1 Qf6 21. Nc4 Ba8
22. Ne3 Bb7 23. Rb2 Qd8 24. Rdb1 b5 25. axb5 axb5 26. Bc4 bxc4 27. Rxb7 Nb6 28.
R1xb6 Qxb6 29. Rxb6 Rxb6 30. Nxc4 Rb1+ 31. Kh2 f6 32. Qg4 Ra8 33. Qe6+ Kh8 34.
d6 h5 35. d7 Kh7 36. Bh4 g5 37. Qf5+ Kh8 38. Qg6 Rbb8 39. Nd6 gxh4 40. Ne8 1-0

[Event "4NCL 2011-12"]
[Site "Staverton Park ENG"]
[Date "2011.11.13"]
[Round "2.16.8"]
[White "McKenna, Jason P"]
[Black "Lauterbach, Ingrid"]
[Result "0-1"]
[BlackTitle "WIM"]
[WhiteElo "2110"]
[BlackElo "2075"]
[WhiteTeam "Cheddleton"]
[BlackTeam "Barbican 4NCL 1"]
[WhiteFideId "403857"]
[BlackFideId "405221"]
[EventDate "2011.11.12"]

1. e4 g6 2. d4 Bg7 3. Nc3 d6 4. Nf3 Nf6 5. Be2 O-O 6. O-O c6 7. a4 Qc7 8. a5 e5
9. h3 Re8 10. dxe5 dxe5 11. Be3 Nh5 12. Ng5 Nf4 13. Bc4 Ne6 14. Nxe6 Bxe6 15.
Bxe6 Rxe6 16. Qe2 Na6 17. Rfd1 Bf8 18. f4 exf4 19. Bd2 Rae8 20. Rf1 Bd6 21. Qg4
Nc5 22. Bxf4 Nxe4 23. Nxe4 Rxe4 24. Bxd6 Qxd6 25. Qf3 Qd4+ 26. Kh1 f5 27. Qb3+
Qd5 28. Qxb7 Re2 29. Qb3 Qxb3 30. cxb3 Rxb2 31. Rac1 Ree2 32. Rxc6 Rxg2 33. Rd1
Kg7 34. Rc7+ Kh6 35. Rxa7 Rh2+ 36. Kg1 Rxh3 37. Rb7 f4 38. Rf1 Rg3+ 39. Kh1 f3 0-1

[Event "4NCL 2011-12"]
[Site "Staverton Park ENG"]
[Date "2011.11.13"]
[Round "2.17.1"]
[White "Harvey, Marcus R"]
[Black "Williams, Simon K"]
[Result "1-0"]
[BlackTitle "GM"]
[WhiteElo "2130"]
[BlackElo "2513"]
[WhiteTeam "Oxford"]
[BlackTeam "Jutes of Kent"]
[WhiteFideId "400092"]
[BlackFideId "404454"]
[EventDate "2011.11.12"]

1. e4 c5 2. c3 d5 3. exd5 Nf6 4. d4 cxd4 5. Qxd4 Nxd5 6. Bb5+ Nc6 7. Nf3 Nc7 8.
Bxc6+ bxc6 9. Qxd8+ Kxd8 10. O-O f6 11. Nd4 c5 12. Nb3 e5 13. Rd1+ Ke8 14. Be3
Ne6 15. Na3 Ba6 16. Rd5 Rd8 17. Rad1 Rxd5 18. Rxd5 Bb7 19. Rd1 f5 20. Nc4 f4 21.
Bc1 e4 22. Nd6+ Bxd6 23. Rxd6 Ke7 24. Rxe6+ Kxe6 25. Nxc5+ Kd5 26. Nxb7 Rb8 27.
Na5 e3 28. Kf1 Ke4 29. fxe3 f3 30. gxf3+ Kxf3 31. Nb3 h5 32. Nd4+ Ke4 33. Ke2
Rb6 34. Nf3 Rg6 35. Nd2+ Ke5 36. b3 h4 37. c4 Rg2+ 38. Kd3 g5 39. Nf3+ Ke6 40.
e4 g4 41. Nxh4 Rxh2 42. Nf5 Ke5 43. a4 g3 44. Nxg3 Rh3 45. Bb2+ Ke6 46. b4 Rxg3+
47. Kd4 Rg1 48. b5 Rd1+ 49. Kc5 Re1 50. e5 Kd7 51. a5 Kc7 52. Kd5 Kb7 53. a6+
Ka8 54. e6 Rd1+ 55. Bd4 Re1 56. c5 Re2 57. b6 1-0

[Event "4NCL 2011-12"]
[Site "Staverton Park ENG"]
[Date "2011.11.13"]
[Round "2.17.2"]
[White "Galego, Luis"]
[Black "Savage, Ben D M"]
[Result "1-0"]
[WhiteTitle "GM"]
[BlackTitle "FM"]
[WhiteElo "2482"]
[BlackElo "2262"]
[WhiteTeam "Jutes of Kent"]
[BlackTeam "Oxford"]
[WhiteFideId "1900072"]
[BlackFideId "405914"]
[EventDate "2011.11.12"]

1. e4 e5 2. Nf3 Nc6 3. Bb5 a6 4. Ba4 Nf6 5. O-O b5 6. Bb3 Be7 7. d3 d6 8. c3 O-O
9. Nbd2 Na5 10. Bc2 c5 11. Re1 Re8 12. Nf1 h6 13. h3 Bf8 14. Ng3 Nc6 15. d4 cxd4
16. cxd4 exd4 17. Nxd4 Nxd4 18. Qxd4 Bb7 19. Bf4 Rc8 20. Bb3 d5 21. exd5 Rxe1+
22. Rxe1 Bc5 23. Qd2 Nxd5 24. Rd1 Qh4 25. Bxd5 Bxd5 26. Nf5 Qxf2+ 27. Qxf2 1-0

[Event "4NCL 2011-12"]
[Site "Staverton Park ENG"]
[Date "2011.11.13"]
[Round "2.17.3"]
[White "Rose, Matthew"]
[Black "Thorfinnsson, Bragi"]
[Result "0-1"]
[BlackTitle "IM"]
[WhiteElo "2282"]
[BlackElo "2421"]
[WhiteTeam "Oxford"]
[BlackTeam "Jutes of Kent"]
[WhiteFideId "407941"]
[BlackFideId "2300958"]
[EventDate "2011.11.12"]

1. e4 c5 2. c3 d5 3. exd5 Qxd5 4. d4 g6 5. Nf3 Bg7 6. Na3 cxd4 7. Bc4 Qe4+ 8.
Be3 Nh6 9. cxd4 O-O 10. Nb5 Nc6 11. Nc3 Qg4 12. h3 Qh5 13. Qd2 Ng4 14. O-O Nxe3
15. fxe3 Qa5 16. a3 e6 17. b4 Qd8 18. Rad1 b6 19. Qa2 Qe7 20. e4 Bb7 21. e5 a5
22. b5 Na7 23. Kh1 Rac8 24. Na4 Qc7 25. Rc1 Bxf3 26. Rxf3 Nxb5 27. Qb2 Nxd4 28.
Qxd4 b5 29. Rfc3 bxc4 30. Rxc4 Qb8 31. Rxc8 Rxc8 32. Rxc8+ Qxc8 33. Nc5 Bf8 34.
Nd7 Bxa3 35. Nf6+ Kg7 36. Kh2 Qc5 37. Qf4 Bc1 38. Qe4 Qe3 0-1

[Event "4NCL 2011-12"]
[Site "Staverton Park ENG"]
[Date "2011.11.13"]
[Round "2.17.4"]
[White "Thorfinnsson, Bjorn"]
[Black "Eckersley-Waites, Tom"]
[Result "1/2-1/2"]
[WhiteTitle "IM"]
[WhiteElo "2402"]
[BlackElo "2276"]
[WhiteTeam "Jutes of Kent"]
[BlackTeam "Oxford"]
[WhiteFideId "2300982"]
[BlackFideId "412449"]
[EventDate "2011.11.12"]

1. c4 Nf6 2. g3 e6 3. Bg2 d5 4. Nf3 c5 5. O-O Nc6 6. b3 Bd6 7. e3 O-O 8. Bb2 a5
9. Nc3 d4 10. exd4 cxd4 11. Nb5 e5 12. Nxd6 Qxd6 13. Ng5 Bg4 14. Qb1 Qb4 15. f4
e4 16. Qc1 Rfe8 17. Re1 e3 18. dxe3 h6 19. Nf3 dxe3 20. Ne5 e2 21. h3 Qc5+ 22.
Kh2 Qf2 23. Qc3 Rad8 24. Kh1 Nxe5 25. fxe5 Bxh3 26. Qf3 Bxg2+ 27. Qxg2 Qxg2+ 28.
Kxg2 Rd2 29. Bc3 Rc2 30. Rac1 Rxc1 31. Rxc1 Ne4 32. Bxa5 Rxe5 33. Be1 h5 34. b4
g5 35. Rc2 Nf6 36. Kf3 g4+ 37. Kf2 Ne4+ 38. Ke3 Ng5+ 39. Kf2 Nh3+ 40. Kg2 f5 41.
Rd2 h4 42. Rd5 Rxd5 43. cxd5 hxg3 44. Kxg3 Ng5 45. a4 Nf3 46. Kf2 Kf7 47. b5 Nd4
48. Bc3 g3+ 49. Kxg3 Ke7 50. Kf2 Nxb5 51. axb5 Kd6 52. b6 Kxd5 53. Bf6 Kc6 54.
Bd8 Kd7 55. Bc7 Kc8 56. Kxe2 Kd7 57. Kf3 f4 58. Kxf4 Kc8 59. Ke5 Kd7 60. Kd5 Kc8 1/2-1/2

[Event "4NCL 2011-12"]
[Site "Staverton Park ENG"]
[Date "2011.11.13"]
[Round "2.17.5"]
[White "Shaw, David A"]
[Black "Stebbings, Anthony J"]
[Result "0-1"]
[WhiteElo "2245"]
[BlackElo "2241"]
[WhiteTeam "Oxford"]
[BlackTeam "Jutes of Kent"]
[WhiteFideId "409502"]
[BlackFideId "402427"]
[EventDate "2011.11.12"]

1. e4 c5 2. Nf3 e6 3. d4 cxd4 4. Nxd4 Nc6 5. Nc3 Qc7 6. Be2 a6 7. a3 Nf6 8. Bg5
Be7 9. Qd2 O-O 10. O-O-O Rd8 11. Nb3 b5 12. f4 d6 13. Qe3 Bb7 14. Bf3 b4 15.
axb4 Nxb4 16. Rd2 h6 17. Bxf6 Bxf6 18. g4 Rac8 19. Nd4 e5 20. Nde2 exf4 21. Nxf4
Qa5 22. Kd1 Qa1+ 23. Ke2 Qxb2 24. Nd1 Qe5 25. Qb3 Nxc2 26. Rxc2 Rxc2+ 27. Qxc2
Qxf4 28. Qc7 Bxe4 0-1

[Event "4NCL 2011-12"]
[Site "Staverton Park ENG"]
[Date "2011.11.13"]
[Round "2.17.6"]
[White "Harakis, Alexis M"]
[Black "Coleman, James"]
[Result "1-0"]
[WhiteElo "2220"]
[BlackElo "2142"]
[WhiteTeam "Jutes of Kent"]
[BlackTeam "Oxford"]
[WhiteFideId "403954"]
[BlackFideId "407216"]
[EventDate "2011.11.12"]

1. d4 Nf6 2. c4 e6 3. Nc3 Bb4 4. e3 b6 5. Bd3 Bb7 6. f3 O-O 7. e4 c5 8. d5 Bxc3+
9. bxc3 d6 10. Ne2 Nbd7 11. Ng3 Ne5 12. Be2 Re8 13. O-O h6 14. f4 Ng6 15. Bd3
exd5 16. cxd5 Bc8 17. c4 Bg4 18. Qc2 Nh5 19. Nxh5 Bxh5 20. h3 Qh4 21. Qf2 Qxf2+
22. Kxf2 Nf8 23. a4 f6 24. g4 Bg6 25. Kf3 Nd7 26. h4 Re7 27. h5 Bh7 28. Bd2 Rae8
29. Rfe1 Kf8 30. Bc3 Kg8 31. Re2 Kf8 32. Rae1 Kg8 33. Re3 Rf8 34. Bc2 Kh8 35. a5
Rb8 36. Rb1 bxa5 37. Rxb8+ Nxb8 38. Bxa5 Rb7 39. Rb3 Rxb3+ 40. Bxb3 Na6 41. Bd8
Nb4 42. Ke3 1-0

[Event "4NCL 2011-12"]
[Site "Staverton Park ENG"]
[Date "2011.11.13"]
[Round "2.17.7"]
[White "White, Michael J R"]
[Black "Naylor, John"]
[Result "1-0"]
[WhiteTitle "FM"]
[WhiteElo "2214"]
[BlackElo "2174"]
[WhiteTeam "Oxford"]
[BlackTeam "Jutes of Kent"]
[WhiteFideId "407380"]
[BlackFideId "403172"]
[EventDate "2011.11.12"]

1. e4 e5 2. Nf3 d6 3. d4 f5 4. Nc3 fxe4 5. Nxe4 Nf6 6. Bg5 Be7 7. Bxf6 gxf6 8.
dxe5 dxe5 9. Qxd8+ Bxd8 10. Bc4 Be7 11. O-O-O Bg4 12. h3 Bd7 13. g4 Bc6 14. Rhe1
Nd7 15. Nh4 Nc5 16. Nc3 Bd6 17. b4 Na4 18. Nb5 Nb6 19. Bf1 Bxb5 20. Bxb5+ Kf7
21. a3 a5 22. c3 axb4 23. axb4 Rhd8 24. Kb2 Bf8 25. Bd3 Kg8 26. Re2 Kh8 27. Nf5
c5 28. bxc5 Na4+ 29. Kc2 Nxc5 30. Bc4 Rdc8 31. Bd5 Ra5 32. Re3 b5 33. g5 fxg5
34. Rxe5 Ra3 35. Rg1 Rxc3+ 36. Kxc3 Nd7+ 37. Kd4 Bc5+ 38. Ke4 1-0

[Event "4NCL 2011-12"]
[Site "Staverton Park ENG"]
[Date "2011.11.13"]
[Round "2.17.8"]
[White "Summerscale, Claire E"]
[Black "Miranda Gonzalez, Nicole"]
[Result "1/2-1/2"]
[WhiteElo "1981"]
[BlackElo "2027"]
[WhiteTeam "Jutes of Kent"]
[BlackTeam "Oxford"]
[WhiteFideId "410926"]
[BlackFideId "3405770"]
[EventDate "2011.11.12"]

1. d4 d5 2. Nc3 Bf5 3. Bf4 e6 4. a3 c5 5. e3 Nc6 6. Nf3 Nf6 7. Bb5 Rc8 8. O-O
Bd6 9. Ne2 c4 10. Bxd6 Qxd6 11. Ne5 O-O 12. Bxc6 bxc6 13. Ng3 Bg6 14. b4 cxb3
15. cxb3 c5 16. Nxg6 hxg6 17. dxc5 Rxc5 18. b4 Rc4 19. Qa4 Qc7 20. Ne2 Rc8 21.
h3 a5 22. Qxa5 Qxa5 23. bxa5 Ra4 24. Rfc1 Rxc1+ 25. Nxc1 Rxa5 26. Nb3 Ra4 27. f3
Nd7 28. Nd4 Nb6 29. Kf2 Nc4 30. Nc2 e5 31. Ke2 f5 1/2-1/2

[Event "4NCL 2011-12"]
[Site "Staverton Park ENG"]
[Date "2011.11.13"]
[Round "2.18.1"]
[White "Sharpe, Ian W"]
[Black "Mah, Karl C C"]
[Result "1/2-1/2"]
[BlackTitle "IM"]
[WhiteElo "2236"]
[BlackElo "2419"]
[WhiteTeam "Guildford 2"]
[BlackTeam "Cambridge University"]
[WhiteFideId "411973"]
[BlackFideId "404381"]
[EventDate "2011.11.12"]

1. e4 c6 2. d4 d5 3. Nc3 dxe4 4. Nxe4 Bf5 5. Ng3 Bg6 6. Nf3 Nd7 7. h4 h6 8. h5
Bh7 9. Bd3 Bxd3 10. Qxd3 e6 11. Bf4 Ngf6 12. O-O-O Be7 13. Kb1 b5 14. Rhe1 O-O
15. Ne5 Nxe5 16. dxe5 Qxd3 17. Rxd3 Nd5 18. Bd2 Rfd8 19. Ne4 Nb6 20. Rxd8+ Rxd8
21. Be3 Nc4 22. Bf4 b4 23. b3 Na3+ 24. Kc1 Nb5 25. Be3 Rd5 26. f4 Nc3 27. Bxa7
Ra5 28. Bd4 Nd5 29. g3 Rxa2 30. Kd2 f6 1/2-1/2

[Event "4NCL 2011-12"]
[Site "Staverton Park ENG"]
[Date "2011.11.13"]
[Round "2.18.2"]
[White "Pinter, Gabor"]
[Black "Granat, Russell G"]
[Result "1-0"]
[WhiteTitle "IM"]
[WhiteElo "2360"]
[BlackElo "2213"]
[WhiteTeam "Cambridge University"]
[BlackTeam "Guildford 2"]
[WhiteFideId "717371"]
[BlackFideId "401714"]
[EventDate "2011.11.12"]

1. e4 Nc6 2. d4 e5 3. Nf3 exd4 4. Nxd4 Bc5 5. Nb3 Bb6 6. Qe2 Qe7 7. Nc3 f5 8.
exf5 Nf6 9. Be3 d6 10. g4 Bxe3 11. fxe3 h5 12. g5 Ng4 13. Nd5 Qxg5 14. O-O-O O-O
15. h3 Bxf5 16. hxg4 Bxg4 17. Qg2 Ne5 18. Be2 Rae8 19. Rdf1 c6 20. Nf4 g6 21.
Nd4 Rf6 22. Kb1 Kg7 23. a3 Qh6 24. Rfg1 Rxf4 25. exf4 Qxf4 26. Rd1 Bxe2 27. Qxe2
Qg4 28. Qe3 Qd7 29. Rhe1 c5 30. Nf3 Qb5 31. Nxe5 Rxe5 32. Qc3 Kh6 33. Rxe5 dxe5
34. Qe3+ 1-0

[Event "4NCL 2011-12"]
[Site "Staverton Park ENG"]
[Date "2011.11.13"]
[Round "2.18.3"]
[White "Thompson, Ian D"]
[Black "Moskovic, David M"]
[Result "0-1"]
[WhiteTitle "FM"]
[BlackTitle "FM"]
[WhiteElo "2281"]
[BlackElo "2324"]
[WhiteTeam "Guildford 2"]
[BlackTeam "Cambridge University"]
[WhiteFideId "405205"]
[BlackFideId "404535"]
[EventDate "2011.11.12"]

1. c4 Nf6 2. Nc3 d5 3. cxd5 Nxd5 4. g3 g6 5. Bg2 Nb6 6. d3 Bg7 7. Be3 Nc6 8. Nf3
O-O 9. O-O e5 10. Qc1 Re8 11. Bh6 Bh8 12. h4 Bg4 13. Ne4 Bxf3 14. exf3 Nd4 15.
Kh2 Ne6 16. Nc5 Nxc5 17. Qxc5 c6 18. Rfd1 Qc7 19. Qc2 Bf6 20. Re1 Qd7 21. f4
exf4 22. Bxf4 Nd5 23. Bd2 Rad8 24. Bc3 Rxe1 25. Bxe1 Ne7 26. Rd1 Nf5 27. Bc3 Bd4
28. Bh3 Qd5 29. Bxf5 Qxf5 30. Bxd4 Rxd4 31. Qe2 c5 32. Kg1 Kg7 33. b3 h5 34. Qe3
b6 35. Qe7 Rd7 36. Qe3 Qd5 37. Kh2 Rd6 38. Qe2 Re6 39. Qd2 Qf3 40. Re1 Rxe1 41.
Qxe1 Qxd3 42. Qe5+ Kh7 43. Qc7 Qf5 44. Kg1 b5 45. Qxa7 c4 46. bxc4 bxc4 47. Qc7
Qe6 48. Qa5 Qf6 49. Qd5 c3 50. Qc4 Qf3 51. Kf1 Kg8 52. Ke1 Qh1+ 53. Ke2 Qc1 54.
Qd3 Qb2+ 55. Kd1 Qa1+ 56. Kc2 Qxa2+ 57. Kxc3 Qxf2 58. Kc4 Qf5 59. Qd6 Qe6+ 60.
Qxe6 fxe6 61. Kd4 Kf7 62. Ke5 Ke7 63. Kf4 Kf6 64. g4 hxg4 65. Kxg4 e5 66. Kg3
Kf5 67. Kf3 e4+ 68. Kg3 Ke5 0-1

[Event "4NCL 2011-12"]
[Site "Staverton Park ENG"]
[Date "2011.11.13"]
[Round "2.18.4"]
[White "Bisby, Daniel L"]
[Black "Osborne, Marcus E"]
[Result "1/2-1/2"]
[WhiteTitle "FM"]
[WhiteElo "2264"]
[BlackElo "2246"]
[WhiteTeam "Cambridge University"]
[BlackTeam "Guildford 2"]
[WhiteFideId "404586"]
[BlackFideId "404608"]
[EventDate "2011.11.12"]

1. d4 Nf6 2. c4 e6 3. g3 Bb4+ 4. Bd2 Qe7 5. Nf3 Nc6 6. Nc3 O-O 7. Bg2 d6 8. d5
Ne5 9. Nxe5 dxe5 10. a3 Bxc3 11. Bxc3 exd5 12. cxd5 Rd8 13. e4 c6 14. Bb4 Qe8
15. O-O cxd5 16. exd5 e4 17. d6 Bg4 18. Qd4 Qe6 19. Rae1 a5 20. Bxe4 axb4 21.
Bxb7 Qd7 22. Bxa8 1/2-1/2

[Event "4NCL 2011-12"]
[Site "Staverton Park ENG"]
[Date "2011.11.13"]
[Round "2.18.6"]
[White "Churm, Rohan M"]
[Black "Meyer, Gordon"]
[Result "1/2-1/2"]
[WhiteElo "2161"]
[BlackElo "2155"]
[WhiteTeam "Cambridge University"]
[BlackTeam "Guildford 2"]
[WhiteFideId "405566"]
[BlackFideId "14300303"]
[EventDate "2011.11.12"]

1. e4 c5 2. Nc3 a6 3. g3 b5 4. Bg2 Bb7 5. d3 e6 6. Nf3 d6 7. O-O Be7 8. a4 b4 9.
Ne2 Nf6 10. Nd2 Qc7 11. f4 c4 12. Nxc4 Nxe4 13. dxe4 Qxc4 14. Qd3 Qxd3 1/2-1/2

[Event "4NCL 2011-12"]
[Site "Hinckley ENG"]
[Date "2012.01.14"]
[Round "3.11"]
[White "Richardson, John R"]
[Black "Howell, David W L"]
[Result "0-1"]
[WhiteTitle "FM"]
[BlackTitle "GM"]
[WhiteElo "2331"]
[BlackElo "2633"]
[WhiteTeam "The AD's"]
[BlackTeam "Wood Green Hilsmark 1"]
[WhiteFideId "401617"]
[BlackFideId "410608"]
[EventDate "2011.11.12"]

1. d4 Nf6 2. c4 e6 3. Nc3 Bb4 4. e3 O-O 5. Ne2 d5 6. a3 Bd6 7. Ng3 c6 8. Be2 e5
9. cxd5 cxd5 10. Nb5 e4 11. Nxd6 Qxd6 12. Bd2 Nc6 13. b4 Ne7 14. b5 Be6 15. O-O
Qd7 16. Rc1 Ng6 17. Qa4 Nh4 18. Rfe1 h5 19. Bf1 Bg4 20. Bb4 Rfe8 21. Rc5 Nf3+
22. gxf3 exf3 23. Rec1 h4 24. Rc7 Qe6 25. Qc2 hxg3 26. hxg3 Bh3 27. Qd1 Bxf1 28.
Kxf1 Qh3+ 29. Ke1 Qg2 30. Qd3 Ng4 31. R1c2 Re4 32. Re7 Rxe7 33. Bxe7 Re8 34. Bg5
g6 35. Qf1 Nh2 36. Qd3 Qg1+ 37. Kd2 Qxf2+ 38. Kc1 Qg1+ 39. Kb2 f2 40. Rc1 Qxc1+
41. Kxc1 f1=Q+ 0-1

[Event "4NCL 2011-12"]
[Site "Hinckley ENG"]
[Date "2012.01.14"]
[Round "3.12"]
[White "Gordon, Stephen J"]
[Black "Wheeler, Darren P"]
[Result "1-0"]
[WhiteTitle "GM"]
[WhiteElo "2535"]
[BlackElo "2272"]
[WhiteTeam "Wood Green Hilsmark 1"]
[BlackTeam "The AD's"]
[WhiteFideId "411477"]
[BlackFideId "410136"]
[EventDate "2011.11.12"]

1. d4 e6 2. c4 Nf6 3. Nf3 d5 4. Bg5 Be7 5. e3 Nbd7 6. Nc3 h6 7. Bh4 c6 8. Bd3
O-O 9. O-O b6 10. cxd5 cxd5 11. Qb3 Bb7 12. Rfc1 Rc8 13. Bg3 Nh5 14. Be5 f6 15.
Bg3 Nxg3 16. hxg3 f5 17. Bb5 Nf6 18. Ne5 Bd6 19. Ne2 g5 20. Rxc8 Qxc8 21. Rc1
Qa8 22. Qa4 Rd8 23. Nc6 Bxc6 24. Rxc6 Kg7 25. Ba6 Ng8 26. Rc1 Ne7 27. Rc2 Kf6
28. Nc3 Rh8 29. Nb5 Qe8 30. Qb3 Bb8 31. Rc1 h5 32. Qd1 h4 33. g4 f4 34. Qf3 Kg7
35. e4 Qg6 36. e5 Qf7 37. Nd6 Qf8 38. Bd3 Qd8 39. Nf5+ exf5 40. gxf5 Ng8 41. Qg4
Kf7 42. Rc6 h3 43. f6 h2+ 44. Kh1 Qe8 45. Qxg5 Qxc6 46. Qg7+ Ke6 47. Qg4+ Kf7
48. Qg6+ 1-0

[Event "4NCL 2011-12"]
[Site "Hinckley ENG"]
[Date "2012.01.14"]
[Round "3.13"]
[White "Snape, Ian L"]
[Black "Pert, Nicholas"]
[Result "0-1"]
[BlackTitle "GM"]
[WhiteElo "2231"]
[BlackElo "2563"]
[WhiteTeam "The AD's"]
[BlackTeam "Wood Green Hilsmark 2"]
[WhiteFideId "404489"]
[BlackFideId "403989"]
[EventDate "2011.11.12"]

1. e4 e6 2. d4 d5 3. Nc3 Bb4 4. e5 c5 5. a3 Bxc3+ 6. bxc3 Ne7 7. Qg4 Qc7 8. Qxg7
Rg8 9. Qxh7 cxd4 10. Ne2 Nbc6 11. f4 Bd7 12. Qd3 dxc3 13. Rb1 O-O-O 14. Rg1 Kb8
15. Qxc3 Bc8 16. g4 d4 17. Qc5 b6 18. Qc4 Bb7 19. Rg3 Rd5 20. Bd2 Rc5 21. Qd3
Rd8 22. h4 Ng6 23. h5 Ngxe5 24. fxe5 Nxe5 25. Qh7 Nf3+ 26. Kd1 d3 27. cxd3 Nxd2
28. Kxd2 Rc2+ 29. Kd1 Rxe2 30. Bxe2 Qxg3 31. Kd2 Qf4+ 32. Ke1 Rc8 33. Qg7 Qg3+
34. Kd2 Qf4+ 35. Kd1 Bf3 36. Qb2 Bxg4 37. Bxg4 Qxg4+ 38. Qe2 Qg1+ 39. Qe1 Qh2
40. Qe2 Qh1+ 41. Qe1 Qxh5+ 42. Kd2 Qh2+ 43. Ke3 Qe5+ 0-1

[Event "4NCL 2011-12"]
[Site "Hinckley ENG"]
[Date "2012.01.14"]
[Round "3.18"]
[White "Arakhamia-Grant, Ketevan"]
[Black "Bellin, Jana M"]
[Result "1-0"]
[WhiteTitle "GM"]
[BlackTitle "WGM"]
[WhiteElo "2443"]
[BlackElo "2133"]
[WhiteTeam "Wood Green Hilsmark 1"]
[BlackTeam "The AD's"]
[WhiteFideId "13600168"]
[BlackFideId "402168"]
[EventDate "2011.11.12"]

1. e4 c5 2. Nf3 e6 3. d4 cxd4 4. Nxd4 a6 5. Bd3 Nf6 6. O-O d6 7. c4 Be7 8. Nc3
O-O 9. Be3 Qc7 10. Rc1 Nbd7 11. f4 b6 12. g4 Nc5 13. Bb1 Bb7 14. Qf3 g6 15. g5
Ne8 16. b4 Nd7 17. Qh3 Ng7 18. f5 exf5 19. exf5 Nh5 20. Nd5 Bxd5 21. cxd5 Qb7
22. fxg6 hxg6 23. Bxg6 fxg6 24. Qe6+ Kh8 25. Qxg6 Ng7 26. Ne6 Nxe6 27. Qh6+ Kg8
28. Qxe6+ Kh8 29. Qh6+ Kg8 30. Qg6+ Kh8 31. Rc4 Rxf1+ 32. Kxf1 Rf8+ 33. Ke1 Bxg5
34. Bxg5 1-0

[Event "4NCL 2011-12"]
[Site "Hinckley ENG"]
[Date "2012.01.14"]
[Round "3.23"]
[White "Smerdon, David"]
[Black "Player, Edmund C"]
[Result "1-0"]
[WhiteTitle "GM"]
[WhiteElo "2513"]
[BlackElo "2199"]
[WhiteTeam "Guildford 1"]
[BlackTeam "Anglian Avengers"]
[WhiteFideId "3202305"]
[BlackFideId "406520"]
[EventDate "2011.11.12"]

1. d4 e6 2. e3 Nf6 3. Bd3 b6 4. f4 Ba6 5. Nf3 d5 6. Bxa6 Nxa6 7. c3 Nb8 8. Ne5
Ne4 9. O-O g6 10. Nd2 Nxd2 11. Bxd2 f6 12. Qg4 Qe7 13. c4 fxe5 14. fxe5 Na6 15.
cxd5 O-O-O 16. dxe6 Kb8 17. Rac1 Rd5 18. Rf7 Qe8 19. Qf3 c6 20. Qf6 Bh6 21. e7
Bg5 22. Qxh8 Qxh8 23. Rf8+ 1-0